Leadership and worker involvement on the Olympic Park (Record no. 112908)

MARC details
000 -LEADER
fixed length control field 01045cad a22002895a 4500
001 - CONTROL NUMBER
control field L154253
008 - FIXED-LENGTH DATA ELEMENTS--GENERAL INFORMATION
fixed length control field 111107e2011 xxk 000 0 eng d
035 ## - SYSTEM CONTROL NUMBER
System control number (Sirsi) u154253
041 0# - LANGUAGE CODE
Language code of text/sound track or separate title eng
100 1# - MAIN ENTRY--PERSONAL NAME
Personal name Lucy, Daniel
245 00 - TITLE STATEMENT
Title Leadership and worker involvement on the Olympic Park
Medium [electronic resource]
260 ## - PUBLICATION, DISTRIBUTION, ETC.
Place of publication, distribution, etc. Brighton
Name of publisher, distributor, etc. HSE
Date of publication, distribution, etc. 2011
490 #0 - SERIES STATEMENT
Series statement HSE Research Report
Volume/sequential designation RR896
520 ## - SUMMARY, ETC.
Summary, etc. This research considers leadership and worker involvement practice across selected projects on the London 2012 Olympic Park.
590 ## - LOCAL NOTE (RLIN)
Local note KA NTK
650 24 - SUBJECT ADDED ENTRY--TOPICAL TERM
Topical term or geographic name entry element OLYMPIC GAMES 2012
651 #4 - SUBJECT ADDED ENTRY--GEOGRAPHIC NAME
Geographic name Great Britain
Chronological subdivision 1707-
690 ## - LOCAL SUBJECT ADDED ENTRY--TOPICAL TERM (OCLC, RLIN)
Topical term or geographic name as entry element Project management
9 (RLIN) 6261
690 ## - LOCAL SUBJECT ADDED ENTRY--TOPICAL TERM (OCLC, RLIN)
Topical term or geographic name as entry element MANAGEMENT-HEALTH AND SAFETY
700 1# - ADDED ENTRY--PERSONAL NAME
Personal name Tamkin, Penny
700 1# - ADDED ENTRY--PERSONAL NAME
Personal name Tyers, Claire
700 1# - ADDED ENTRY--PERSONAL NAME
Personal name Hicks, Ben
710 1# - ADDED ENTRY--CORPORATE NAME
Corporate name or jurisdiction name as entry element Institute for Employment Studies
9 (RLIN) 2639
710 1# - ADDED ENTRY--CORPORATE NAME
Corporate name or jurisdiction name as entry element Great Britain
Subordinate unit Health and Safety Executive
856 48 - ELECTRONIC LOCATION AND ACCESS
Uniform Resource Identifier <a href="https://www.hse.gov.uk/research/rrpdf/rr896.pdf">https://www.hse.gov.uk/research/rrpdf/rr896.pdf</a>
Public note View the consultation free of charge at www.hse.gov.uk
942 ## - ADDED ENTRY ELEMENTS (KOHA)
Suppress in OPAC 0
Holdings
Withdrawn status Lost status Source of classification or shelving scheme Damaged status Not for loan Home library Current library Shelving location Date acquired Total Checkouts Full call number Barcode Date last seen Copy number Price effective from Koha item type
    Dewey Decimal Classification     Virtual Virtual Online 07/11/2011   ONLINE PUBLICATION 154253-2001 06/08/2019 1 06/08/2019 Book